[Event "Zuerich Easter op 1st"]
[Site "Zuerich"]
[Date "2018.04.01"]
[Round "5"]
[White "Filipovic, Branko"]
[Black "Sibalic, Dragan"]
[Result "1-0"]
[WhiteElo "2385"]
[BlackElo "1961"]
[PlyCount "53"]
[EventDate "2018.03.30"]
[EventType "swiss"]
[EventRounds "7"]
[EventCountry "SUI"]
[SourceTitle "CBM 183 Extra"]
[Source "ChessBase"]
[SourceDate "2018.04.19"]
[SourceVersion "1"]
[SourceVersionDate "2018.04.19"]
[SourceQuality "1"]

1. d4 d5 2. Bf4 Nf6 3. e3 c6 4. Nd2 h6 5. Bd3 e6 6. h3 Bd6 7. Bxd6 Qxd6 8. f4 Nbd7 9. Ngf3 b5 10. 0-0 a5 11. c3 Rb8 12. Ne5 c5 13. a3 c4 14. Bc2 b4 15. axb4 axb4 16. e4 0-0 17. Nxd7 Nxd7 18. e5 Qe7 19. Ra7 Qh4 20. f5 bxc3 21. bxc3 Rd8 22. Qf3 Nf8 23. Rf2 Re8 24. g3 Qd8 25. f6 g6 26. Qe3 Kh7 27. Rxf7+ 1-0

[Event "SUI-chT"]
[Site "Switzerland"]
[Date "2008.09.06"]
[Round "6.6"]
[White "Aranovitch, Emiliano"]
[Black "Sibalic, Dragan"]
[Result "1-0"]
[WhiteElo "2309"]
[BlackElo "1838"]
[PlyCount "59"]
[EventDate "2008.03.02"]
[EventType "team-tourn"]
[EventRounds "9"]
[EventCountry "SUI"]
[SourceTitle "EXT 2009"]
[Source "ChessBase"]
[SourceDate "2008.11.26"]
[SourceVersion "1"]
[SourceVersionDate "2008.11.26"]
[SourceQuality "1"]
[WhiteTeam "Mendrisio"]
[BlackTeam "Gligoric"]
[WhiteTeamCountry "SUI"]
[BlackTeamCountry "SUI"]

1. e4 e6 2. d4 d5 3. Nc3 b6 4. a3 Nf6 5. Bg5 Be7 6. e5 Ng8 7. Bxe7 Nxe7 8. f4 0-0 9. Nf3 c5 10. Qd2 Nbc6 11. Bb5 Bd7 12. Bxc6 Bxc6 13. 0-0 Nf5 14. Rad1 a5 15. Qf2 cxd4 16. Nxd4 Nxd4 17. Qxd4 g6 18. Qe3 b5 19. Ne4 Qh4 20. Nf6+ Kg7 21. Rd4 b4 22. a4 Qh6 23. Rf3 g5 24. Rh3 Qg6 25. Rxh7+ Qxh7 26. Nxh7 Kxh7 27. fxg5 Rg8 28. Rh4+ Kg7 29. Qf2 Kf8 30. Qc5+ 1-0